Pracovný zošit zo slovenského jazyka pre 6. ročník špeciálnych základných škôl

Bibliographic Details
Main Authors: Belanský, Jozef (Author), Belanská, Milena (Author)
Other Authors: Žitňanová, Tatiana, 1956- (Illustrator)
Format: Book
Language:Slovak
PhysicalDescription:55 s. ilustr. 30 cm
Published: Bratislava Slovenské pedagogické nakladateľstvo - Mladé letá 2017
ISBN:9788010031627
Edition:15. vyd.
Subjects:

MARC

LEADER 00000cam a2200000 a 4500
001 vtls011706580
003 SK-MaSNL
005 20260302090153.0
008 240318s2017 xo a c p 000 0 slo
015 |a SNBA2017/11 
020 |a 9788010031627  |q (brož.) 
035 |a urn:nbn:sk:snk-am00czsy 
035 |a urn:nbn:sk:snk-am3hgss 
035 |a AAD70E69-0F78-4575-8D19-1ADBD1954C21 
040 |a SNK  |b slo  |c SNK  |e AACR2 
041 0 |a slo 
044 |a xo  |c SK 
072 7 |a 811.162.4  |x Slovenčina  |2 konspekt 
080 |a 811.162.4  |2 2011 
080 |a (075.2)  |2 2011 
080 |a (076.1)  |2 2011 
100 1 |a Belanský, Jozef  |4 aut  |9 11161 
245 1 0 |a Pracovný zošit zo slovenského jazyka  |b pre 6. ročník špeciálnych základných škôl  |c Jozef Belanský, Milena Belanská ; [ilustrácie Táňa Žitňanová] 
250 |a 15. vyd. 
260 |a Bratislava  |b Slovenské pedagogické nakladateľstvo - Mladé letá  |c 2017 
300 |a 55 s.  |b ilustr.  |c 30 cm 
650 0 7 |a slovenčina  |2 SNKPH  |9 1350 
650 0 7 |a Slovak language  |2 SNKPHeng  |9 266031 
655 7 |a učebnice špeciálnych základných škôl  |2 SNKPH  |9 70204 
655 7 |a Textbooks (elementary)  |2 SNKPHeng  |9 276977 
655 7 |a pracovné zošity  |2 SNKPH  |9 70188 
655 7 |a Activity books  |2 SNKPHeng  |9 302885 
700 1 |a Belanská, Milena  |4 aut  |9 65824 
700 1 |a Žitňanová, Tatiana,  |d 1956-  |4 ill  |9 86022 
852 |a Štátna vedecká knižnica v Banskej Bystrici 
919 |a 978-80-10-03162-7 
999 |c 1195513  |d 1197443 
952 |a SNK  |b SNK  |y PREZ  |7 0  |p 17A1273480  |o snkSB 92033  |i snk2017/22537  |8 0  |0 0  |1 0  |4 0  |d 2017-10-16  |f 1  |l 0  |r 2025-05-13 00:00:00  |w 2026-02-24 
952 |a SNK  |b SNK  |y VYP  |7 0  |p 17A1273481  |o snkSB 92033 D1  |i snk2017/22538  |8 0  |0 0  |1 0  |4 0  |d 2017-10-16  |l 0  |r 2026-02-24 22:25:04  |w 2026-02-24